| 000 | 00445cam a2200181ua 4500 | ||
|---|---|---|---|
| 020 | _c330.00 | ||
| 041 |
_aeng _h |
||
| 082 |
_a551.48 _bKAR/HY |
||
| 100 | _aKaranth, K R . | ||
| 245 |
_aHydrogeology / _cK R Karanth. _hTextual Documents |
||
| 250 |
_a1 / _b. |
||
| 260 |
_aNew Delhi : _bTata Mc-Graw Hill Publishing Company , _c1989. |
||
| 300 | _a458 ; . | ||
| 365 | _a330.00 | ||
| 504 | _a | ||
| 942 | _cBK | ||
| 999 |
_c9772 _d9772 |
||